[Event "Cappelle op"]
[Site "Cappelle la Grande"]
[Date "1994.??.??"]
[Round "2"]
[White "Savchenko, Stanislav"]
[Black "Ninov, Kiril"]
[Result "1-0"]
[WhiteElo "2540"]
[BlackElo "2415"]

1.d4 d5 2.c4 c6 3.Nf3 Nf6 4.Nc3 dxc4 5.a4 Bf5 6.Nh4 e6 7.Nxf5 exf5 8.e3 Bd6
9.Bxc4 O-O 10.O-O Nbd7 11.a5 a6 12.h3 h5 13.Qf3 g6 14.e4 Nxe4 15.Nxe4 fxe4
16.Qxe4 Kg7 17.Bd2 Nf6 18.Qf3 Nd5 19.Rfe1 Bc7 20.Bxd5 cxd5 21.Bb4 Bd6 22.Bc5 Bxc5
23.dxc5 Qd7 24.Rad1 Rad8 25.Rd4 Rfe8 26.Rxe8 Qxe8 27.Qe3 Qxe3 28.fxe3 Kf6
29.Rb4 Rd7 30.Rb6+ Ke5 31.Kf2 Rc7 32.b4 Ke4 33.Rd6 h4 34.Ke2 g5 35.Kd2 Re7
36.c6 bxc6 37.Rxc6 Ra7 38.Rd6 Rb7 39.Rb6 Ra7 40.Rb8 Re7 41.b5 axb5 42.Rxb5 Ra7
43.Rb4+ Ke5 44.Ra4 Kd6 45.a6 Kc5 46.Kc3 f5 47.Ra5+ Kb6 48.Rxd5 Kxa6 49.Rxf5 Rg7
50.Kd3 Kb6 51.Ke2 g4 52.Rh5 gxh3 53.gxh3 Ra7 54.Kd3 Kc6 55.Rxh4 Kd5 56.Rh5+ Ke6
57.Ke4 Ra2 58.Rh6+ Kf7 59.Kf4  1-0

[Event "Cappelle op"]
[Site "Cappelle la Grande"]
[Date "1994.??.??"]
[Round "3"]
[White "Zimmermann, Rolf"]
[Black "Astolfi, Frederic"]
[Result "1/2-1/2"]
[WhiteElo "2130"]
[BlackElo "2235"]

1.d4 d5 2.c4 c6 3.Nf3 Nf6 4.Nc3 dxc4 5.a4 Bf5 6.e3 e6 7.Bxc4 Bb4 8.Nh4 Bg4
9.f3 Nd5 10.O-O Bh5 11.g3 O-O 12.Ne2 Nd7 13.e4 N5b6 14.Bb3 a5 15.Nf4 Bg6
16.Bxe6 fxe6 17.Nxe6 Qf6 18.Nxf8 Nxf8 19.Be3 Bf7 20.b3 Rd8 21.Qc2 Qe6 22.Rab1  1/2-1/2

[Event "Cappelle op"]
[Site "Cappelle la Grande"]
[Date "1994.??.??"]
[Round "9"]
[White "Gaborit, Jean Pierre"]
[Black "Kirov, Nino"]
[Result "0-1"]
[WhiteElo "2315"]
[BlackElo "2470"]

1.d4 d5 2.c4 c6 3.Nf3 Nf6 4.Nc3 dxc4 5.a4 Bf5 6.e3 e6 7.Bxc4 Bb4 8.O-O Nbd7
9.Qb3 a5 10.Nh4 Bg6 11.f3 Nd5 12.g3 O-O 13.Nxg6 hxg6 14.Rd1 Qe7 15.e4 N5b6
16.Be3 e5 17.Kg2 Rfd8 18.dxe5 Nxc4 19.Qxc4 Nxe5 20.Qe2 Qe6 21.Rxd8+ Rxd8
22.Rd1 Rxd1 23.Qxd1 f6 24.Qd8+ Kh7 25.Qd1 Bxc3 26.bxc3 Qa2+ 27.Kh3 b5 28.f4 Qe6+
29.f5 gxf5 30.Qh5+ Kg8 31.exf5 Qd7  0-1

[Event "USA-op"]
[Site "Chicago"]
[Date "1994.??.??"]
[Round "?"]
[White "Levit, Roman"]
[Black "Schwartzman, Gabriel"]
[Result "0-1"]
[WhiteElo "2265"]
[BlackElo "2505"]

1.d4 d5 2.c4 c6 3.Nf3 Nf6 4.Nc3 dxc4 5.a4 Bf5 6.e3 e6 7.Bxc4 Bb4 8.O-O O-O
9.Qe2 Bg6 10.Ne5 Bh5 11.f3 Nbd7 12.Nd3 a5 13.Nf4 Bg6 14.Rd1 Qb6 15.Kh1 e5
16.Nxg6 hxg6 17.d5 Rac8 18.dxc6 Qxc6 19.Bb5 Qe6 20.e4 Nb6 21.Na2 Be7 22.Bd2 Rc2
23.Qd3 Rxb2 24.Bxa5 Rd8 25.Qxd8+ Bxd8 26.Rxd8+ Kh7 27.Nc1 Nc4 28.Nd3 Rc2
29.Be1 Qb6 30.Ra8 Qd4 31.Rd1 Ne3 32.Rb1 Rxg2 33.Nf2 Nfg4 34.Nxg4 Rxg4 35.Bg3 Qd2
36.Bf1 Rxg3 37.hxg3 Qf2 38.Bh3 Qxf3+ 39.Kh2 Qf2+ 40.Kh1 Qxg3 41.Rb2 Nd1 42.Rh2 Nf2+
43.Rxf2 Qxf2 44.Bg2 g5 45.Rb8 b6 46.Re8 f6 47.Rd8 Qc2 48.Kh2 Qxa4 49.Rd3 Qc2
50.Re3 b5 51.Kg3 b4 52.Bh3 b3 53.Bf5+  0-1

[Event "USA-op"]
[Site "Chicago"]
[Date "1994.??.??"]
[Round "8"]
[White "Van Buskirk, Charles"]
[Black "Finegold, Gina L"]
[Result "1/2-1/2"]
[WhiteElo "2275"]
[BlackElo "2115"]

1.d4 d5 2.c4 c6 3.Nf3 Nf6 4.Nc3 dxc4 5.a4 Bf5 6.e3 e6 7.Bxc4 Bb4 8.O-O Nbd7
9.Qb3 a5 10.Na2 Be7 11.Nh4 Bg4 12.f3 Bh5 13.g3 O-O 14.Nc3 Nb6 15.Be2 Nfd5
16.Ng2 c5 17.e4 Nb4 18.dxc5 Bxc5+ 19.Be3 Qe7 20.Nb5 Rfd8 21.Rfc1 Rac8 22.Nf4 Bg6
23.Bxc5 Rxc5 24.Qe3 Rdc8  1/2-1/2

[Event "Copenhagen op16"]
[Site "Copenhagen"]
[Date "1994.??.??"]
[Round "7"]
[White "Hoi, Carsten"]
[Black "Gretarsson, Helgi Ass"]
[Result "1-0"]
[WhiteElo "2425"]
[BlackElo "2390"]

1.d4 d5 2.Nf3 Nf6 3.c4 c6 4.Nc3 dxc4 5.a4 Bf5 6.e3 e6 7.Bxc4 Bb4 8.O-O Nbd7
9.Qe2 Bg6 10.Rd1 O-O 11.Bd3 Bh5 12.h3 Qb6 13.g4 Bg6 14.e4 a5 15.Bf4 Rad8
16.Rac1 Ne8 17.Kh2 f6 18.Bc4 Bf7 19.Bg3 Nd6 20.Ba2 e5 21.dxe5 Nxe5 22.Nxe5 fxe5
23.f3 Bxc3 24.bxc3 Qc5 25.Bf2 Qa3 26.Bxf7+ Nxf7 27.Qc4 Qb2 28.Kg2 b5 29.Qxc6 Rxd1
30.Rxd1 bxa4 31.Qxa4 Qxc3 32.Qa2 a4 33.Rb1 Qc6 34.Rb6 Qd7 35.Ra6 Re8 36.Ra7  1-0

[Event "Copenhagen op16"]
[Site "Copenhagen"]
[Date "1994.??.??"]
[Round "7"]
[White "Antreasyan, Erol"]
[Black "Varberg, Kenneth"]
[Result "0-1"]
[WhiteElo "1900"]
[BlackElo "2260"]

1.d4 d5 2.c4 c6 3.Nf3 Nf6 4.Nc3 dxc4 5.a4 Bf5 6.e3 e6 7.Bxc4 Bb4 8.Bd2 Bg6
9.Ne5 Nbd7 10.Nxg6 hxg6 11.Ne2 Bxd2+ 12.Qxd2 Rc8 13.b4 a6 14.a5 Kf8 15.f3 Qc7
16.g3 Rd8 17.Rd1 Ne5 18.Qa2 Nxf3+ 19.Kf2 Ng5 20.Nf4 Nfe4+ 21.Kg2 Nc3 22.Qf2 Nxd1
23.Rxd1 Ke7 24.h4 Ne4 25.Qf3 Nf6 26.e4 e5 27.Nh3 Rxd4 28.Rxd4 exd4 29.Ng5 Rf8
30.g4 Qe5 31.Kh3 Qd6 32.Qb3 Qf4 33.Bxf7 Qxg4+ 34.Kh2 Qxh4+ 35.Nh3 Rxf7  0-1

[Event "CZE-chT"]
[Site "?"]
[Date "1994.??.??"]
[Round "?"]
[White "Orsag, Milan"]
[Black "Cech, Pavel"]
[Result "1/2-1/2"]
[WhiteElo "2385"]
[BlackElo "2390"]

1.d4 d5 2.Nf3 Nf6 3.c4 c6 4.Nc3 dxc4 5.a4 Bf5 6.e3 e6 7.a5 Bd3 8.Bxd3 cxd3
9.Qb3 Qc8 10.O-O Be7 11.e4 h6 12.e5 Nd5 13.Ne4 Na6 14.Bd2 Qd7 15.Rfc1 Rc8
16.Qxd3 c5 17.Rc4 O-O 18.dxc5 Nxc5 19.Nxc5 Rxc5 20.Rg4 Kh8 21.Nd4 Rfc8 22.Re1 Bf8
23.h4 Rc4 24.b3 Nb4 25.Qe4 R4c7 26.Nxe6 Qxe6 27.Bxb4 Qxb3 28.Bd6 Rd7 29.Qf5 Qe6
30.Qxe6 fxe6 31.Rb4 Kg8 32.Reb1 Bxd6 33.exd6 Rb8 34.a6 b5 35.Rxb5 Rxb5 36.Rxb5 Rxd6
37.Ra5 Kf7 38.h5 e5 39.g4 Kf6 40.Kg2 Ke6 41.Kg3 Kf6 42.Ra3 Rb6 43.Ra4 Kg5
44.f3 Kf6 45.f4 exf4+ 46.Kxf4 Rc6 47.Ra5 Rb6 48.Ke3 Rb3+ 49.Ke4 Rb4+ 50.Kf3 Rb6
51.Kf4 Rb4+ 52.Kg3 Rb3+ 53.Kh4 Rb6 54.Ra4 Rc6 55.Ra3 Rb6 56.Ra2 Rc6 57.Ra1 Rb6
58.Ra2 Rc6 59.Ra3 Rb6 60.Kg3 Rc6 61.Ra4  1/2-1/2

[Event "CZE-chT"]
[Site "?"]
[Date "1994.??.??"]
[Round "?"]
[White "Jirovsky, Pavel"]
[Black "Trichkov, Vasil"]
[Result "1/2-1/2"]
[WhiteElo "2335"]
[BlackElo "2415"]

1.d4 d5 2.Nf3 Nf6 3.c4 c6 4.Nc3 dxc4 5.a4 Bf5 6.e3 e6 7.Bxc4 Bb4 8.O-O Nbd7
9.Qe2 Bg6 10.e4 Bxc3 11.bxc3 Nxe4 12.Ba3 Nb6 13.Bb3 Nc8 14.c4 Ne7 15.d5 exd5
16.cxd5 O-O 17.dxc6 Re8 18.cxb7 Rb8 19.a5 Rxb7 20.Ba4 Rf8 21.Qa6 Rc7 22.Ne5 Nc5
23.Bxc5 Rxc5 24.Nd7 Rxa5 25.Qc4 Re8 26.Nc5 Qc8 27.Bxe8 Rxc5 28.Qa4 Rc7 29.Bb5 h5
30.Rfe1 Qb7 31.Qa6 Qd5 32.Bf1 Nc6 33.Rac1 Nb4 34.Qb5 Qxb5 35.Bxb5 Rb7 36.Bc4 Nd3
37.Bxd3 Bxd3 38.Ra1 a6 39.Re3 Bb5 40.h4 g6 41.Kh2 Rc7 42.Kg3  1/2-1/2

[Event "DEN-chT9394"]
[Site "DEN"]
[Date "1994.??.??"]
[Round "5"]
[White "Christiansen, Jens Jorgen"]
[Black "Pedersen, Finn"]
[Result "1/2-1/2"]
[WhiteElo "2270"]
[BlackElo "2270"]

1.d4 d5 2.c4 c6 3.Nf3 Nf6 4.Nc3 dxc4 5.a4 Bf5 6.e3 e6 7.Bxc4 Bb4 8.O-O Nbd7
9.Qe2 Bg6 10.e4 Bxc3 11.bxc3 Nxe4 12.Ba3 Qc7 13.Rfc1 Nb6 14.Bb3 Nd5 15.c4 Ne7
16.d5 c5 17.Bc2 Nf6 18.dxe6 O-O 19.Ng5 h6 20.exf7+ Bxf7 21.Ne6 Bxe6 22.Qxe6+ Kh8
23.Re1 Rae8 24.Bb2 Nc6 25.Qh3 Nd4 26.Bxd4 cxd4 27.Qd3 Qf4 28.g3 Qg4 29.Kg2 Kg8
30.h3 Qd7 31.Rad1 Rd8 32.Re5 Rfe8 33.f4 Qc6+ 34.Kh2 Re6 35.Rde1 Ree8 36.Qg6 Kf8
37.Qd3 b6 38.R1e2 Qd6 39.Kg2 Rc8 40.Kh2 Rcd8 41.Kg2 Rc8 42.Kh2  1/2-1/2

[Event "DEN-chT9394"]
[Site "DEN"]
[Date "1994.??.??"]
[Round "6"]
[White "Josephsen, Niels"]
[Black "Pedersen, Finn"]
[Result "1-0"]
[WhiteElo "2250"]
[BlackElo "2270"]

1.d4 d5 2.c4 c6 3.Nf3 Nf6 4.Nc3 dxc4 5.a4 Bf5 6.e3 e6 7.Bxc4 Nbd7 8.O-O Be7
9.Qe2 O-O 10.Rd1 Nb6 11.Bb3 Nbd5 12.Ne5 Bd6 13.Nc4 Bc7 14.f3 Qb8 15.g3 Rd8
16.e4 Nxc3 17.bxc3 Bg6 18.Bg5 Rd7 19.Bxf6 gxf6 20.Kg2 b5 21.Ne3 Bd8 22.axb5 cxb5
23.d5 e5 24.g4 Bb6 25.Nc2 Bc5 26.Nb4 a5 27.Nc6 Qb6 28.Rdb1 h5 29.h3 Bf8 30.Bc4 b4
31.cxb4 Rb7 32.bxa5 Qxb1 33.Rxb1 Rxb1 34.Qa2 Rd1 35.a6 Bh6 36.Qb3 Rd2+ 37.Kg1 hxg4
38.hxg4 Kg7 39.Nb8 Ra7 40.Qb6 Re7 41.a7 Re8 42.a8=Q Rh8 43.Qa2 Rd1+ 44.Bf1 Bf4
45.Qg2 Rd4 46.Qf2 Bg5 47.Nc6 Rd2 48.Qxd2 Bxd2 49.d6  1-0

[Event "Dresden op"]
[Site "Dresden"]
[Date "1994.??.??"]
[Round "?"]
[White "Gleizerov, Evgeny"]
[Black "Kalinitschew, Sergey"]
[Result "1-0"]
[WhiteElo "2520"]
[BlackElo "2485"]

1.d4 d5 2.c4 c6 3.Nf3 Nf6 4.Nc3 dxc4 5.a4 Bf5 6.e3 e6 7.Bxc4 Bb4 8.O-O Nbd7
9.Nh4 Bg4 10.f3 Bh5 11.g4 Bg6 12.e4 Nb6 13.Bb3 Nxe4 14.Nxg6 Nxc3 15.bxc3 Bxc3
16.Nxh8 Qxd4+ 17.Qxd4 Bxd4+ 18.Be3 Bxe3+ 19.Kh1 Nd5 20.f4 Ke7 21.Rae1 Bd4
22.Rd1 c5 23.Nxf7 Kxf7 24.f5 Ne3 25.fxe6+ Kg6 26.Rf7 Nxd1 27.Bxd1 Re8 28.Bb3 Kg5
29.Rxb7 Kxg4 30.Rxa7 Rb8 31.Bd1+ Kh3 32.Rf7 Bf6 33.Bc2 Rb2 34.Bf5+ Kh4 35.a5 Rf2
36.Bd3 Rd2 37.Bf1 Rd1 38.Kg2 Re1 39.Bc4 Rc1 40.Bb5 Kg5 41.a6 Kf4 42.e7  1-0

[Event "Eger"]
[Site "Eger"]
[Date "1994.??.??"]
[Round "7"]
[White "Krumpacnik, Domen"]
[Black "Varga, Peter"]
[Result "1/2-1/2"]
[WhiteElo "2405"]
[BlackElo "2405"]

1.d4 d5 2.c4 c6 3.Nf3 Nf6 4.Nc3 dxc4 5.a4 Bf5 6.e3 e6 7.Bxc4 Bb4 8.O-O O-O
9.Qe2 Bg4 10.Rd1 Nbd7 11.e4 Qc7 12.Bd2 e5 13.d5 Nc5 14.Bg5 Bxc3 15.Bxf6 Bxb2
16.Bxg7 Bxa1 17.Bxf8 Rxf8 18.Rxa1 cxd5 19.Bxd5 Ne6 20.Qe3 Bxf3 21.Qxf3 Nf4
22.Qg4+ Kh8 23.Qf5 Qe7 24.Bc4 Qd6 25.g3 Ng6 26.Bb3 Ne7 27.Qf3 Nc6 28.Bd5 Nd4
29.Qh5 b6 30.Bc4 f5 31.Bf1 fxe4 32.Bg2 Nf3+ 33.Bxf3 exf3 34.Re1 e4 35.h4 Qe6
36.Kh2 Re8 37.Qg5 Qe5 38.Qxe5+ Rxe5 39.g4 h5 40.g5 Kg7 41.Kg3 Kg6 42.Kf4 Rf5+
43.Kxe4 Ra5 44.Kxf3 Rxa4 45.Re6+ Kg7 46.Kg3 Rg4+ 47.Kh3 Rf4  1/2-1/2

[Event "Elgoibar"]
[Site "Elgoibar"]
[Date "1994.??.??"]
[Round "?"]
[White "Gomez Esteban, Juan Mario"]
[Black "Iruzubieta, Jesus Maria"]
[Result "0-1"]
[WhiteElo "2485"]
[BlackElo "2340"]

1.d4 d5 2.c4 c6 3.Nc3 Nf6 4.Nf3 dxc4 5.a4 Bf5 6.e3 e6 7.Bxc4 Bb4 8.O-O O-O
9.Qe2 Nbd7 10.e4 Bg6 11.Bd3 Bh5 12.Bf4 Re8 13.e5 Nd5 14.Bd2 c5 15.Nxd5 Bxd2
16.Qxd2 Bxf3 17.Nf4 Bc6 18.Bc2 Nxe5 19.Rfe1 Ng6 20.Nxg6 hxg6 21.Rad1 Qxd4
22.Qxd4 cxd4 23.Rxd4 Red8 24.Red1 Rxd4 25.Rxd4 Kf8 26.h4 Ke7 27.a5 Rd8 28.Rc4 a6
29.Kh2 Rd2 30.Kg3 f5 31.Rc3 Kf6 32.Bd3 Bd5 33.b4 Ke5 34.Bf1 f4+ 35.Kg4 Rxf2
36.Rc1 Kf6 37.g3 e5  0-1

[Event "RUS-ch"]
[Site "Elista"]
[Date "1994.??.??"]
[Round "1"]
[White "Ionov, Sergey"]
[Black "Bezgodov, Alexei"]
[Result "1/2-1/2"]
[WhiteElo "2530"]
[BlackElo "2440"]

1.d4 d5 2.c4 c6 3.Nf3 Nf6 4.Nc3 dxc4 5.a4 Bf5 6.e3 e6 7.Bxc4 Bb4 8.O-O Nbd7
9.Qe2 Bg6 10.e4 O-O 11.Bd3 Bh5 12.e5 Nd5 13.Nxd5 cxd5 14.Qe3 Bg6 15.Bxg6 fxg6
16.Ng5 Re8 17.Bd2 Bxd2 18.Qxd2 Nb8 19.h4 Nc6 20.a5 a6 21.Rfc1 h6 22.Nf3 Rf8
23.Ra3 Rf5 24.Qd3 Qe7 25.g4 Rxf3 26.Qxf3 Rf8 27.Qg3 Nxd4 28.Re3 Qb4 29.Kg2 Qxb2
30.Rc7 g5 31.hxg5 hxg5 32.Rec3 Ne2 33.Rc2 Qxc2 34.Rxc2 Nxg3 35.Kxg3 d4 36.Rb2 Rf7
37.f3 Rd7 38.Kf2 d3 39.Ke1 d2+ 40.Kd1 Kf7 41.Rb3 Ke8 42.Rb6 Ke7 43.Rb3 Kf8
44.Rb6 Rd5 45.Rxb7 Rxe5 46.Kxd2 Rxa5 47.Ra7 Ra3 48.Ke2 a5 49.Kf2 Ra1 50.Kg2 a4
51.Ra5 a3 52.Rxg5 Rb1 53.Ra5 Rb2+ 54.Kg3 a2 55.f4 Kf7 56.Ra6 Rc2 57.Kh4 Rg2
58.Ra7+ Kf8 59.Kh5 Kg8 60.g5 Kh7 61.g6+ Rxg6 62.Rxa2 Rf6 63.Kg4 Rg6+ 64.Kh5 Rh6+
65.Kg5 Rh1 66.Re2 Rg1+  1/2-1/2

[Event "RUS-ch"]
[Site "Elista"]
[Date "1994.??.??"]
[Round "3"]
[White "Tunik, Gennady"]
[Black "Kuporosov, Viktor"]
[Result "1/2-1/2"]
[WhiteElo "2450"]
[BlackElo "2510"]

1.d4 Nf6 2.c4 c6 3.Nc3 d5 4.Nf3 dxc4 5.a4 Bf5 6.e3 e6 7.Bxc4 Bb4 8.O-O O-O
9.Nh4 Bg6 10.g3 Nbd7 11.Qb3 Qb6 12.Nxg6 hxg6 13.Na2 Be7 14.Bd2 Rfd8 15.Rfd1 c5
16.dxc5 Qxb3 17.Bxb3 Nxc5 18.Bc2 Kf8 19.Be1 Nce4 20.f3 Nd6 21.Kf2 g5 22.h3 Nc4
23.b3 Ne5 24.Ke2 Rdc8 25.Bb1 Rc7 26.g4 Nc6 27.Bd3 Bd6 28.Rac1 Rac8 29.Bb5 Ba3
30.Rc4 a6 31.Bxc6 Rxc6 32.Rxc6 Rxc6 33.e4 Be7 34.Rc1 Rxc1 35.Nxc1 Nd7 36.Nd3 Bd6
37.Bc3 f6 38.Be1 Ke7 39.h4 gxh4 40.Bxh4 g5 41.Bf2 Ne5 42.Nxe5  1/2-1/2

[Event "RUS-ch"]
[Site "Elista"]
[Date "1994.??.??"]
[Round "7"]
[White "Burmakin, Vladimir"]
[Black "Kuporosov, Viktor"]
[Result "1/2-1/2"]
[WhiteElo "2555"]
[BlackElo "2510"]

1.d4 Nf6 2.Nf3 d5 3.c4 c6 4.Nc3 dxc4 5.a4 Bf5 6.e3 e6 7.Bxc4 Bb4 8.O-O O-O
9.Qe2 Bg6 10.Ne5 Nbd7 11.Nxg6 hxg6 12.Rd1 Qa5 13.Bd2 Rfd8 14.Bb3 Nb6 15.Rac1 e5
16.dxe5 Qxe5 17.f3 a5 18.e4 Nfd7 19.f4 Qe7 20.e5 Nc5 21.Bc2 Qe6 22.Ne4 Nxe4
23.Bxb4 axb4 24.Qxe4 b3 25.Rxd8+ Rxd8 26.Bd1 Rd2 27.a5 Qd5 28.Qxd5 Nxd5 29.Bxb3 Nxf4
30.Rc2 Rd1+ 31.Kf2 Ra1 32.Ke3 g5 33.g3 Ne6 34.Bxe6 fxe6 35.b4 Re1+ 36.Kd4 Rd1+
37.Ke4 Rd5 38.Rc5 Rxc5 39.bxc5 Kf7 40.g4 Ke7 41.Kd4 Kd7  1/2-1/2

[Event "FIN-chT"]
[Site "?"]
[Date "1994.??.??"]
[Round "?"]
[White "Kanko, Ilkka"]
[Black "Issakainen, Ari"]
[Result "0-1"]
[WhiteElo "2320"]
[BlackElo "2260"]

1.d4 d5 2.c4 c6 3.Nf3 Nf6 4.Nc3 dxc4 5.a4 Bf5 6.e3 e6 7.Bxc4 Bb4 8.O-O Nbd7
9.Qe2 Bg6 10.e4 O-O 11.Bd3 Qc7 12.Bg5 h6 13.Bh4 Nh5 14.Bg3 Nxg3 15.hxg3 e5
16.Rac1 Qa5 17.Rfd1 Rad8 18.d5 Bxc3 19.Rxc3 cxd5 20.exd5 Bxd3 21.Rcxd3 e4
22.Qxe4 Nc5 23.Qd4 Nxd3 24.Rxd3 Rfe8 25.Rd1 Qb6 26.Qxb6 axb6 27.Rd4 Re2 28.Rb4 Rxd5
29.Rxb6 Rd1+ 30.Kh2 Rd7 31.Kg1 g5 32.g4 Kg7 33.a5 Re4 34.Kh2 Rxg4 35.Ne5 Rh4+
36.Kg3 Re7 37.Ng4 f5 38.Nf6 Rf7 39.Ne8+ Kf8 40.Nd6 f4+ 41.Kf3 g4+ 42.Ke4 g3
43.Kf3 Rd7 44.fxg3 fxg3 45.Kxg3 Rh5 46.Nxb7 Rg5+ 47.Kf4 Rxg2 48.a6 Rg1 49.Nd6 Rf1+
50.Ke3 Re1+ 51.Kf2 Ra1 52.Nb5 Rd2+ 53.Kg3 Rxb2 54.Rb8+ Kg7 55.Rb7+ Kg6 56.a7 Ra4  0-1

[Event "Garmisch"]
[Site "Garmisch"]
[Date "1994.??.??"]
[Round "5"]
[White "Lobron, Eric"]
[Black "Hertneck, Gerald"]
[Result "1/2-1/2"]
[WhiteElo "2580"]
[BlackElo "2605"]

1.d4 Nf6 2.Nf3 d5 3.c4 c6 4.Nc3 dxc4 5.a4 Bf5 6.e3 e6 7.Bxc4 Bb4 8.O-O Nbd7
9.Qe2 Bg6 10.e4 Bxc3 11.bxc3 Nxe4 12.Ba3 Qc7 13.Rfe1 c5 14.d5 O-O-O 15.dxe6 fxe6
16.a5 Rhf8 17.Bc1 Nd6 18.Ng5 Nxc4 19.Nxe6 Qe5 20.Qd1 Qxc3 21.Bg5 Nf6 22.Nxd8 Rxd8
23.Bxf6 gxf6 24.Qg4+ f5 25.Qh4 Qd4 26.Qg3 Nb2 27.a6 bxa6 28.Rxa6 Kb7 29.Qa3 Nc4
30.Rxa7+ Kc6 31.Qa6+ Nb6 32.Qb7+ Kb5 33.h3 Qb4 34.Qa6+ Kc6 35.Re6+ Rd6 36.Qb7+ Kb5
37.Qa6+ Kc6  1/2-1/2

[Event "BL2-N9394"]
[Site "Germany"]
[Date "1994.??.??"]
[Round "?"]
[White "Peters, Carsten"]
[Black "Hermann, Manfred"]
[Result "1-0"]
[WhiteElo "2285"]
[BlackElo "2395"]

1.d4 d5 2.Nf3 Nf6 3.c4 c6 4.Nc3 dxc4 5.a4 Bf5 6.e3 e6 7.Bxc4 Bb4 8.O-O O-O
9.Nh4 Bg4 10.f3 Nd5 11.fxg4 Qxh4 12.Qf3 Nd7 13.e4 N5b6 14.Bb3 c5 15.Na2 Ba5
16.Bc2 Qe7 17.Rf2 Be1 18.Re2 Ba5 19.Kh1 Rad8 20.dxc5 Ne5 21.Qf2 Nbd7 22.b4 Bc7
23.h3 Ng6 24.Be3 Nde5 25.Rf1 Nd3 26.Bxd3 Rxd3 27.Rd2 Rfd8 28.Rfd1 Rxd2 29.Rxd2 Rxd2
30.Qxd2 Qf6 31.Nc3 Ne5 32.Nb5 Nc4 33.Qd4 Qxd4 34.Bxd4 Bb8 35.c6 bxc6 36.Nxa7 Bxa7
37.Bxa7 Kf8 38.Kg1 Ke8 39.Bd4 e5 40.Bc3 f6 41.Kf2 g5 42.Ke2 Kd7 43.Kd3 Nb6
44.a5 Na8 45.Bd2 Nc7 46.Be3 Kc8 47.Kc4 Kb7 48.Bc5 Ne6 49.g3 Ng7 50.Be7 Ne8
51.Kc5 Kc7 52.a6 Kd7 53.a7  1-0

[Event "BL2-S9394"]
[Site "Germany"]
[Date "1994.??.??"]
[Round "?"]
[White "Schneider, Bernd"]
[Black "Solomunovic, Igor"]
[Result "0-1"]
[WhiteElo "2395"]
[BlackElo "2330"]

1.d4 Nf6 2.Nf3 d5 3.c4 c6 4.Nc3 dxc4 5.a4 Bf5 6.Ne5 e6 7.e3 Na6 8.Bxc4 Nb4
9.O-O Bd6 10.Qe2 Nc2 11.Rb1 c5 12.Rd1 cxd4 13.exd4 Nb4 14.Bf4 O-O 15.Rbc1 Nfd5
16.Bg3 Rc8 17.Ne4 Be7 18.Bb3 f6 19.Nc4 Rc6 20.f3 b6 21.Qd2 Qd7 22.a5 b5 23.Na3 Rfc8
24.Rxc6 Qxc6 25.Bf2 g5 26.h4 h6 27.Nb1 Nf4 28.Nbc3 Nbd3 29.d5 Qa6 30.d6 Bxd6
31.Nxd6 Qxd6 32.Bxa7 Qb4 33.Ba2 Qxa5 34.Bd4 b4 35.Ne4 Bxe4 36.Bxe6+ Nxe6
37.fxe4 Nxd4 38.Qxd3 Ne6 39.hxg5 Rd8 40.Qb3 Rxd1+ 41.Qxd1 hxg5 42.Qd7 Qe5  0-1

[Event "NRW-Liga II 9394"]
[Site "Germany"]
[Date "1994.??.??"]
[Round "?"]
[White "Terhorst, Jochen"]
[Black "Scheffner, Axel"]
[Result "1/2-1/2"]
[WhiteElo "2220"]
[BlackElo "2275"]

1.Nf3 c6 2.c4 d5 3.d4 Nf6 4.Nc3 dxc4 5.a4 Bf5 6.g3 e6 7.Bg2 h6 8.O-O Be7
9.Ne5 Nbd7 10.Nxc4 Nb6 11.Ne5 Nbd5 12.a5 a6 13.Qb3 Rb8 14.Re1 Bh7 15.e4 Nc7
16.Be3 O-O 17.Rad1 Nb5 18.Nxb5 cxb5 19.d5 exd5 20.Bb6 Qd6 21.exd5 Rbc8 22.Re2 Bf5
23.Qf3 Rc2 24.g4 Bh7 25.h4 Rxe2 26.Qxe2 Nd7 27.Nxd7 Qxd7 28.d6 Bxh4 29.Qf3 Bf6
30.Qxb7 Qxg4 31.Qf3 Qg5 32.d7 Bc2 33.Re1 Bf5 34.Qd5 Be6 35.Qxg5 Bxg5 36.Bb7 Bxd7
37.Bxa6 Bc6 38.Re5 b4 39.Bb5 Bf3 40.a6 Bf6 41.Rf5 Ba8 42.Bc5 Rd8 43.Bxb4 Rd1+
44.Bf1 Bxb2 45.f3 Bd4+ 46.Kg2 g6 47.Rb5 Ba7 48.Bc5 Bxc5 49.Rxc5 Bxf3+ 50.Kf2 Ra1
51.Bc4 Be4 52.Rc7 Ra4 53.Ke3 Bg2 54.Bxf7+ Kf8 55.a7 Ra3+  1/2-1/2

[Event "NRW-Liga II 9394"]
[Site "Germany"]
[Date "1994.??.??"]
[Round "?"]
[White "Krallmann, Matthias"]
[Black "Busse, Klaus"]
[Result "1/2-1/2"]
[WhiteElo "2280"]
[BlackElo "2190"]

1.d4 d5 2.c4 c6 3.Nf3 Nf6 4.Nc3 dxc4 5.a4 Bf5 6.e3 e6 7.Bxc4 Nbd7 8.O-O Be7
9.Qe2 O-O 10.e4 Bg4 11.Rd1 Qa5 12.h3 Bh5 13.e5 Nd5 14.Nxd5 cxd5 15.Bd2 Qb6
16.Bb5 Qd8 17.a5 a6 18.Bd3 Bg6 19.Bxg6 hxg6 20.Rdc1 Nb8 21.b4 Qd7 22.Rab1 Rc8
23.Rxc8+ Qxc8 24.b5 Qd7  1/2-1/2

[Event "NRW-Liga I 9394"]
[Site "Germany"]
[Date "1994.??.??"]
[Round "?"]
[White "Schischke, Reinhard"]
[Black "Odendahl, Reiner"]
[Result "1/2-1/2"]
[WhiteElo "2345"]
[BlackElo "2295"]

1.d4 d5 2.c4 c6 3.Nf3 Nf6 4.Nc3 dxc4 5.a4 Bf5 6.e3 e6 7.Bxc4 Bb4 8.O-O Nbd7
9.Bd2 O-O 10.Qe2 Bg6 11.Ne4 Bxd2 12.Nxf6+ Qxf6 13.Qxd2 c5 14.Rfd1 Rfd8 15.Qc3 Bh5
16.Be2 cxd4 17.Rxd4 Nb6 18.Rad1 Rxd4 19.Qxd4  1/2-1/2

[Event "BL2-W9394"]
[Site "Germany"]
[Date "1994.??.??"]
[Round "?"]
[White "Stoering, Volker"]
[Black "Gawehns, Klaus"]
[Result "0-1"]
[WhiteElo "2340"]
[BlackElo "2345"]

1.d4 d5 2.c4 c6 3.Nf3 Nf6 4.Nc3 dxc4 5.a4 Bf5 6.e3 e6 7.Bxc4 Bb4 8.O-O O-O
9.Nh4 Bg4 10.f3 Bh5 11.g4 Bg6 12.Ng2 Qe7 13.e4 Rd8 14.Be3 e5 15.d5 Nbd7 16.dxc6 bxc6
17.Qe2 Bc5 18.Rac1 Nf8 19.Kh1 Ne8 20.Bxc5 Qxc5 21.f4 exf4 22.Nxf4 Nd6 23.Ba2 Qe5
24.Qf3 Rd7 25.Rc2 Re8 26.Nxg6 Nxg6 27.Rcf2 Qe7 28.Qg2 Ne5 29.Rf4 h6 30.Nd1 Qg5
31.Bb1 Ng6 32.R4f2 Nh4 33.Qg3 Nxe4 34.Bxe4 Rxe4 35.Qb8+ Kh7 36.Qc8 Qxg4 37.Nc3 Ree7
38.Qxc6 Rc7 39.Qd5 Rcd7 40.Qc6 f5 41.a5 Qd4 42.Ne2 Qxf2 43.Rxf2 Rxe2 44.Kg1 Rd1+
45.Rf1 Rdd2 46.Qc7 Rxb2 47.Qf4 Re4 48.Qc7 Rg4+ 49.Kh1 Nf3 50.h3 Ra4 51.Qg3 Rh2+
52.Qxh2 Nxh2 53.Rxf5 Ra2 54.Rf4 g5 55.Rf7+ Kg6 56.Rf8 a6 57.h4 g4 58.h5+ Kxh5
59.Rf2 Rxf2  0-1

[Event "Haarlem AKN"]
[Site "Haarlem"]
[Date "1994.??.??"]
[Round "3"]
[White "Berebora, Ferenc"]
[Black "Strating, Sybolt"]
[Result "1-0"]
[WhiteElo "2390"]
[BlackElo "2360"]

1.d4 d5 2.c4 c6 3.Nf3 Nf6 4.Nc3 dxc4 5.a4 Bf5 6.e3 e6 7.Bxc4 Bb4 8.O-O Nbd7
9.Qe2 Bg6 10.e4 Bxc3 11.bxc3 Nxe4 12.Ba3 Qc7 13.Rfc1 O-O-O 14.a5 Rhe8 15.Nh4 Ndf6
16.Nxg6 hxg6 17.Bd3 Qf4 18.Rc2 Ng4 19.g3 Qxf2+ 20.Qxf2 Ngxf2 21.Rxf2 Nxf2
22.Kxf2 g5 23.Bc5 a6 24.Kg2 g6 25.Bc4 Kd7 26.Rb1 Kc8 27.Rf1 f5 28.Re1 Kd7
29.h3 Rb8 30.Re2 Rbd8 31.Ba3 Rb8 32.Bc1 b5 33.axb6 Rxb6 34.Bxg5 a5 35.Ba2 a4
36.Bc1 Rb5 37.Ba3 Rb7 38.h4 Rb5 39.Kf2 Rb7 40.Kf3 Rb5 41.Kf4 Rb7 42.Bb4 Rb5
43.Bc4 Rb7 44.Kg5 Rbb8 45.Kxg6 Rg8+ 46.Kf6 Rxg3 47.Bxe6+ Kc7 48.Bxf5 Rh8
49.Re7+ Kb6 50.Be6 c5 51.Bxc5+ Kc6 52.Bd7+ Kd5 53.Re5+ Kc4 54.Bxa4  1-0

[Event "SWE-ch"]
[Site "Haparanda"]
[Date "1994.??.??"]
[Round "1"]
[White "Engqvist, Thomas"]
[Black "Wessman, Richard"]
[Result "1/2-1/2"]
[WhiteElo "2440"]
[BlackElo "2425"]

1.d4 d5 2.c4 c6 3.Nc3 Nf6 4.Nf3 dxc4 5.a4 Bf5 6.Ne5 Nbd7 7.Nxc4 Qc7 8.g3 e5
9.dxe5 Nxe5 10.Bf4 Nfd7 11.Bg2 Be6 12.Nxe5 Nxe5 13.Qd4 f6 14.a5 a6 15.Ne4 Rd8
16.Qc3 h6 17.O-O Be7 18.Ra4 O-O 19.Be3 Qc8 20.Bb6 Rde8 21.Bc5 Bd5 22.Bxe7 Rxe7
23.Nc5 Bxg2 24.Kxg2 Nf7 25.Rb4 Kh8 26.Rd1 Rfe8 27.h4 Rxe2 28.Nxb7 Qf5 29.Rf4 Qb5
30.Nc5 Qxb2 31.Qxb2 Rxb2 32.Nxa6  1/2-1/2

[Event "SWE-ch"]
[Site "Haparanda"]
[Date "1994.??.??"]
[Round "13"]
[White "Ornstein, Axel"]
[Black "Astrom, Robert"]
[Result "1-0"]
[WhiteElo "2445"]
[BlackElo "2335"]

1.Nf3 d5 2.d4 Nf6 3.c4 c6 4.Nc3 dxc4 5.a4 Bf5 6.Ne5 e6 7.f3 Bb4 8.Bg5 h6
9.Bh4 c5 10.dxc5 Qxd1+ 11.Kxd1 Nfd7 12.Nxd7 Nxd7 13.e4 Bh7 14.c6 bxc6 15.Bxc4 O-O
16.Bg3 a5 17.Ke2 Nb6 18.Bb3 Rfc8 19.Rhc1 c5 20.Na2 c4 21.Nxb4 cxb3 22.Nc6 Kh8
23.Be1 f5 24.Bxa5 Nd7 25.exf5 Bxf5 26.Bd2 e5 27.a5 e4 28.f4 e3 29.Kxe3 Bc2
30.Nd4 Re8+ 31.Kf3 Be4+ 32.Kf2 Nf6 33.Rc7 Rad8 34.Ra4 Ba8 35.Nxb3 Ne4+ 36.Rxe4 Rxe4
37.Bc3 Rg8 38.g3 Bd5 39.Nd4 Kh7 40.Nf5 Rc4 41.Rxg7+ Rxg7 42.Nxg7 Kg6 43.f5+ Kf7
44.h3 Ra4 45.g4 Rf4+ 46.Ke3 Rf3+ 47.Kd4 Ba8 48.Ne6 Rxh3 49.g5 h5 50.Nf4 Rf3
51.g6+ Ke7 52.Bb4+ Kd7 53.Ke5 Re3+ 54.Kf6 h4 55.g7 Rg3 56.Be1  1-0

[Event "Hlohovec op"]
[Site "Hlohovec"]
[Date "1994.??.??"]
[Round "?"]
[White "Dydyshko, Viacheslav"]
[Black "Zapolskis, Antanas"]
[Result "1-0"]
[WhiteElo "2505"]
[BlackElo "2385"]

1.d4 d5 2.c4 c6 3.Nf3 Nf6 4.Nc3 dxc4 5.a4 Bf5 6.Ne5 Na6 7.e3 Nb4 8.Bxc4 e6
9.O-O Be7 10.a5 O-O 11.Qe2 h6 12.e4 Bh7 13.Rd1 Kh8 14.Bf4 Nd7 15.d5 exd5
16.exd5 Nxe5 17.Bxe5 c5 18.d6 Bf6 19.Bxf6 Qxf6 20.Nd5 Nxd5 21.Rxd5 Rad8 22.d7 Bf5
23.Rad1 Be6 24.Rd6 Bxc4 25.Qxc4 Qxb2 26.Qxc5 Kg8 27.Qxa7 f5 28.Qc5 Qb3 29.h3 Rf7
30.Qc7 Rff8 31.Re1 Qb4 32.Rde6 Qd2 33.Re7 Kh7 34.Qe5 Rf6 35.Qxf6 Qxe1+ 36.Kh2  1-0